Las fronteras de la justicia: consideraciones sobre la exclusión
Salvato in:
| Autore principale: | |
|---|---|
| Altri autori: | , |
| Natura: | Libro |
| Lingua: | spagnolo |
| Pubblicazione: |
Barcelona, España:
Paidós,
2012
|
| Edizione: | 1ª edición en esta presentación |
| Serie: | Estado y Sociedad
|
| Soggetti: | |
| Tags: |
Aggiungi Tag
Nessun Tag, puoi essere il primo ad aggiungerne!!
|
MARC
| LEADER | 00000cam a2200000 a 4500 | ||
|---|---|---|---|
| 001 | UCD0020 | ||
| 003 | CL-VaPUC | ||
| 005 | 20220914173323.0 | ||
| 008 | 151112e20121000sp |||||||||||||||||spa|d | ||
| 999 | |c 361644 |d 361642 | ||
| 020 | |a 978-84-493-2769-8 | ||
| 040 | |c Pontificia Universidad Católica de Valparaíso | ||
| 082 | 0 | 4 | |a 303.372 NUS 2012 |2 21 |
| 100 | |a Nussbaum, Martha Craven |e autora |9 518695 | ||
| 245 | 1 | 4 | |a Las fronteras de la justicia: consideraciones sobre la exclusión |
| 250 | |a 1ª edición en esta presentación | ||
| 260 | |a Barcelona, España: |b Paidós, |c 2012 | ||
| 300 | |a 447 páginas | ||
| 490 | 0 | |a Estado y Sociedad | |
| 500 | |a c.2. Donación V.A. Nelson Vásquez para Historia. 12/04/2022 | ||
| 583 | |a last modification |c 20151112 20:22:00 |k Rodrigo Vera | ||
| 650 | 0 | |a Justicia social |9 314874 | |
| 650 | 0 | |a Derechos civiles |9 255655 | |
| 650 | 0 | |a Teoría política |2 CL-VaPUC |9 255709 | |
| 700 | |a Vilà Vernis, Ramon |e traducción |9 876669 | ||
| 700 | |a Santos Mosquera, Albino |e traducción |9 876670 | ||
| 942 | |c BK |2 ddc | ||
| 945 | |d 20151112 20:22:00 |a arojas | ||
| 952 | |0 0 |1 0 |3 erb |4 0 |6 303_372000000000000_NUS_2012 |7 0 |8 A |9 472249 |a BIBEDU |b BIBEDU |i 5249414 |o 303.372 NUS 2012 |p 5249414 |r 2019-11-24 |w 2019-11-24 |y BK |z Catalogado en:20151112 |k FIL | ||
| 952 | |0 0 |1 0 |2 ddc |4 0 |6 303_372000000000000_NUS_2012 |7 0 |8 A |9 583617 |a BIBHIS |b BIBHIS |c GEN |d 2022-06-13 |e Donación |i 5651752 |o 303.372 NUS 2012 |p 5651752 |r 2025-01-20 |t 2 |w 2022-06-13 |y BK |k HIS | ||